Statistics for Five Most Anti-Gay Countries by Continent

Click here to take the quiz!

General Stats

  • This quiz has been taken 209 times
  • The average score is 18 of 30

Answer Stats

ContinentWorld RankingPointsCountry% Correct
Europe161-12Russia
91%
Asia199-18Saudi Arabia
87%
Asia199-18Iran
86%
Europe147-10Belarus
77%
South America111-7Venezuela
75%
Asia198-16Yemen
74%
Europe103-6Ukraine
72%
South America147-10Guyana
70%
South America117-8Suriname
70%
North America161-12Haiti
69%
North America161-12Jamaica
69%
South America103-6Peru
69%
Europe103-6Poland
68%
Asia195-15United Arab Emirates
68%
Asia195-15Afghanistan
66%
South America147-10Paraguay
66%
Africa201-19Somalia
64%
Africa190-14Nigeria
63%
North America147-10Dominican Republic
58%
Oceania161-12Papua New Guinea
56%
Oceania156-11Tonga
53%
North America161-12Dominica
51%
Africa195-15Libya
51%
Oceania161-12Solomon Islands
47%
Oceania117-8Samoa
44%
Oceania111-7Vanuatu
44%
North America147-10Grenada
40%
Europe131-9Vatican City
30%
Africa190-14Cameroon
25%
Africa190-14Malawi
22%

Score Distribution

Percentile by Number Answered

Percent of People with Each Score

Your Score History

You have not taken this quiz